Quizzes
Events
Quiz Creation
Community
Videos
Private Events
Remove Ads
Sign In
Join for FREE
Feedback
Dark Mode
Quiz Categories
Sports
Geography
Music
Movies
Television
Just For Fun
Miscellaneous
History
Literature
Language
Science
Gaming
Entertainment
Religion
Holiday
For Kids
Quiz Lab
Recent
Popular Today
Quiz Kudos Today
Editor Picks
Curator Picks
Quizzes by...
Day
Popularity
Type
Ratings
Length
Year
Community
Subscriptions
Recent Discussions
Orange Saloon
Badges
Playlists
Quests
Create
Leaderboards
Showdown
Live 5
Trivia Bingo
Activity
Puzzle Library
Sporcle Events
Private Events
Virtual Trivia
Globe League
Become a Host
Pub Owners
SporcleCon
Opinionation
Our Games
Videos
Blog
Mobile Apps
Partnerships
Remove Ads and Go Orange
Feedback
Sports
Athletes
MLB
NBA
NHL
NFL
Soccer
Sports Teams
WWE
NCAA
Football
Premier League
Basketball
Baseball
Hockey
Golf
Tennis
Cricket
Rugby
Auto Racing
Olympics
World Cup
Sports
Athletes
MLB
NBA
NHL
NFL
Soccer
Sports Teams
WWE
NCAA
Football
Premier League
Basketball
Baseball
Hockey
Golf
Tennis
Cricket
Rugby
Auto Racing
Olympics
World Cup
Random Quiz
Search Sporcle
×
Quiz Lab
Quiz Lab
Sports
Football
Type in answers that appear in a list
Type in answers that appear in a list
Classic
Best Score? Go Orange.
Gold Glove Home Run Hitters Stats
Can you name the Gold Glove Winners who also finished in the top 10 in home runs?
By
pinballwiz
16m
105 Questions
363 Plays
363 Plays
363 Plays
Comments
Comments
Give Quiz Kudos
Give Quiz Kudos
-
- Ratings
hide this ad
Replay
Link that replays current quiz
Next Quiz
Link to next quiz in quiz playlist
You Got
0%
They Got
Avg Score
65%
Avg Friend Score
Upgrade to see
Score Distribution
Jump to the score distribution portion of the page
Score
0/105
Timer
16:00
0
Plays Today
Year
Player
% Correct
2002
Alex Rodriguez
92.8%
2003
Alex Rodriguez
92.8%
2006
Albert Pujols
92.6%
1957
Willie Mays
89.3%
1959
Willie Mays
89.3%
1961
Willie Mays
89.3%
1962
Wille Mays
89.3%
1963
Willie Mays
89.3%
1964
Willie Mays
89.3%
1965
Willie Mays
89.3%
1966
Willie Mays
89.3%
1990
Barry Bonds
88.7%
1992
Barry Bonds
88.7%
1993
Barry Bonds
88.7%
1994
Barry Bonds
88.7%
1996
Barry Bonds
88.7%
1997
Barry Bonds
88.7%
1971
Bobby Bonds
88.4%
1973
Bobby Bonds
88.4%
1976
Mike Schmidt
85.7%
1977
Mike Schmidt
85.4%
1979
Mike Schmidt
85.4%
1980
Mike Schmidt
85.4%
1981
Mike Schmidt
85.4%
1982
Mike Schmidt
85.4%
1983
Mike Schmidt
85.4%
1984
Mike Schmidt
85.4%
1986
Mike Schmidt
85.4%
1970
Johnny Bench
84.6%
1972
Johnny Bench
84.6%
1974
Johnny Bench
84.6%
1975
Johnny Bench
84.6%
1993
Ken Griffey
84.6%
1994
Ken Griffey
84.6%
1996
Ken Griffey
84.6%
Year
Player
% Correct
1997
Ken Griffey
84.6%
1998
Ken Griffey
84.6%
1999
Ken Griffey
84.6%
2005
Mark Teixeira
83.2%
2009
Mark Teixeira
83.2%
1991
Matt Williams
77.1%
1993
Matt Williams
77.1%
1994
Matt Williams
77.1%
1958
Frank Robinson
75.5%
1991
Cal Ripken
75.5%
2006
Andruw Jones
75.2%
1958
Hank Aaron
74.7%
1959
Hank Aaron
74.4%
1960
Hank Aaron
74.4%
2008
Adrian Gonzalez
69.4%
2009
Adrian Gonzalez
69.4%
1989
Ryne Sandberg
67.8%
1990
Ryne Sandberg
67.5%
1994
Jeff Bagwell
66.9%
1963
Elston Howard
64.2%
1985
Don Mattingly
63.1%
1986
Don Mattingly
63.1%
1990
Mark McGwire
62.5%
1980
Gary Carter
61.2%
1981
Andre Dawson
60.6%
1983
Andre Dawson
60.6%
1987
Andre Dawson
60.6%
1997
Larry Walker
60.6%
2001
Todd Helton
59.5%
1999
Rafael Palmeiro
57.9%
1967
Carl Yastrzemski
57.6%
1969
Carl Yastrzemski
57.6%
1960
Ernie Banks
55.1%
1982
Dave Winfield
52.9%
1983
Dave Winfield
52.6%
Year
Player
% Correct
1982
Dale Murphy
51.5%
2000
Jim Edmonds
51.5%
1983
Dale Murphy
51.2%
1984
Dwayne Murphy
51.2%
1984
Dale Murphy
51.2%
1985
Dale Murphy
51.2%
2004
Jim Edmonds
51.2%
1982
Eddie Murray
49.9%
1983
Eddie Murray
49.9%
1981
Dwight Evans
49.6%
1982
Dwight Evans
49.3%
1984
Dwight Evans
49.3%
1985
Dwight Evans
49.3%
1960
Roger Maris
47.9%
1978
Dave Parker
44.1%
1979
Dave Parker
44.1%
1965
Ron Santo
43%
1967
Ron Santo
42.7%
1968
Ron Santo
42.7%
1977
Graig Nettles
42.4%
1986
Kirby Puckett
42.4%
2006
Carlos Beltran
41.9%
1987
Eric Davis
41.3%
1989
Eric Davis
41.3%
1984
Lance Parrish
40.8%
1979
Fred Lynn
35.8%
1977
Steve Garvey
34.7%
1999
Shawn Green
32.5%
1986
Gary Gaetti
28.4%
1988
Gary Gaetti
28.1%
1996
Jay Buhner
25.9%
1986
Jesse Barfield
21.8%
1975
George Scott
21.5%
1972
Bobby Murcer
14.6%
1974
Cesar Cedeno
9.6%
Quiz Playlist
Details
Report
Send in Message
Add To Playlist
Classic:
Type in answers that appear in a list
Quiz Source
Last Updated: Feb 16, 2017
Quiz Scoreboard
CHALLENGE
Sign Up to Join the Scoreboard
Show All
Scores
Hide
Comments
May contain spoilers
Recently Published
NBA Finals Game Top Scorers (2010s)
by flibbidy
Sports
5m
Guess the 'R' Things in 3 Words
by MSUKent
Miscellaneous
3m
Actor to Badly Drawn Movie III
by MoMosMoProblems
Movies
5m
More to Explore
Quiz From the Vault
Featured Blog Post
Where Does Lost Luggage Go?
hide this ad
You Might Also Like...
Tags
Football Quiz
Finished
Glove
gold
Gold Glove
Hitter
home
Player
run
Winner
Today's Top Quizzes in Sports
Browse Sports
hide this ad
Today's Top Quizzes in Football
Browse Football
Top Contributed Quizzes in Sports
1
Les joueurs à 100 buts en Ligue 1 Uber Eats
2
2022 World Cup Stars
3
2024 March Madness Bracket
4
Millionaire: NBA Finals Edition
5
Players with Multiple 50 Home Run Seasons
6
Nickname Match: Athletes VI
7
Criteria MLB: Left Handed Sluggers
8
Iconic Moments in Football - Multiple Choice
9
NFL MVPs ordered
10
First NBA MVP by Team
Explore More
Trending Topics
Harry Potter
NBA
Disney
Kpop
Marvel
Anime
Crossword
Soccer
The Office
WWE
Song
Puzzle
NFL
Pokémon
Country
hide this ad
More By:
pinballwiz
Quiz
Plays
Rating
Category
Featured
Created
Flag Colors
147,223
4.07
Geography
Nov 5, 2009
First Works
47,955
4.17
Literature
Dec 16, 2009
'You Belong With Me' Lyrics
38,776
2.01
Music
Nov 22, 2009
Homicidal Countries
2,583
4.40
Geography
Dec 14, 2010
Home Runs by First Name (UPDATED)
1,903
2.96
Sports
Jan 12, 2010
Go to Creator's Profile
Score Distribution
Quiz Creator Spotlight
pinballwiz
Follow
Send a Message
Quizzes Created
-
Created Quiz Play Count
-
More By This Creator
Popular Quizzes Today
1
Find the US States - No Outlines Minefield
2
Find the US States
3
The Countries of the World
4
10 Largest US States in Order
5
Find the Countries of Europe - No Outlines Minefield
6
US States
7
Guess the 'R' Things in 3 Words
8
NBA Finals Game Top Scorers (2010s)
More Sports Quizzes
Renault F1 Drivers
Curator's Pick
Trending Quizzes
First Name TV: Leading Men
Match the Book to the Film II
First Name TV: Leading Women Drama
3-Word Movies in 1 Word II
Match the Book to the Film VI
Recently Updated
Women's Final Four Teams by Year
bhenderson79
Presidents Quartet II
eogle
Anything But Clue(do)
eogle
Anything But Oceanian Capitals
eogle
Anything But 7
eogle
Anything But Thing
eogle
Word Ladder: February 29
pecheneg
Song Title Questions
pecheneg
Women's NCAA Tournament #1 Seeds
pecheneg
Celebrity Mug Shots
pecheneg
Trending Topics
Marvel
Harry Potter
Anime
Kpop
Crossword
Disney
NBA
Puzzle
WWE
The Office
Song
Soccer
Country
Pokémon
NFL
Your Account Isn't Verified!
In order to create a playlist on Sporcle, you need to verify the email address you used during registration. Go to your
Sporcle Settings
to finish the process.
Report this User
Report this user for behavior that violates our
Community Guidelines
.
Details:
Send Report
Go to the Sporcle.com Mobile Site →
Comments